101 Random Movies - Statistics

General Stats
  • This quiz has been taken 91 times
  • The average score is 44 of 101
Answer Stats
Movie Title Year Director 1st Actor 2nd Actor % Correct
Barbie 2023 Greta Gerwig Margot Robbie Ryan Gosling
90%
Avatar 2009 James Cameron Zoe Saldana Sigourney Weaver
85%
Edward Scissorhands 1990 Tim Burton Johnny Depp Winona Ryder
85%
Django Unchained 2012 Quentin Tarantino Jamie Foxx Leonardo DiCaprio
83%
Batman 1989 Tim Burton Michael Keaton Jack Nicholson
80%
Back to the Future 1985 Robert Zemeckis Michael J. Fox Christopher Lloyd
79%
La La Land 2016 Damien Chazelle Emma Stone Ryan Gosling
79%
Pulp Fiction 1994 Quentin Tarantino Samuel L. Jackson Uma Thurman
77%
Home Alone 1990 Chris Columbus Macauley Culkin Catherine O'Hara
76%
Forrest Gump 1994 Robert Zemeckis Tom Hanks Robin Wright
75%
Iron Man 2008 Jon Favreau Robert Downey Jr. Gwyneth Paltrow
75%
Oppenheimer 2023 Christopher Nolan Cillian Murphy Emily Blunt
75%
Brokeback Mountain 2005 Ang Lee Jake Gyllenhaal Heath Ledger
73%
Inception 2010 Christopher Nolan Leonardo DiCaprio Joseph Gordon-Levitt
72%
Jurassic Park 1993 Steven Spielberg Jeff Goldblum Laura Dern
72%
Goodfellas 1990 Martin Scorsese Robert De Niro Joe Pesci
70%
Dune 2021 Denis Villeneuve Timothee Chalamet Rebecca Ferguson
69%
Interstellar 2014 Christopher Nolan Matthew McConaughey Anne Hathaway
68%
Good Will Hunting 1997 Gus Van Sant Matt Damon Robin Williams
66%
Groundhog Day 1993 Harold Ramis Bill Murray Andie MacDowell
66%
Men in Black 1997 Barry Sonnenfeld Will Smith Tommy Lee Jones
66%
Beetlejuice 1988 Tim Burton Michael Keaton Winona Ryder
65%
Inglorious Basterds 2009 Quentin Tarantino Brad Pitt Christoph Waltz
63%
Once Upon a Time in Hollywood 2019 Quentin Tarantino Leonardo DiCaprio Brad Pitt
63%
Spider-Man 2002 Sam Raimi Tobey Maguire Kirsten Dunst
63%
Elf 2003 Jon Favreau Will Ferrell Zooey Deschanel
62%
Dumb and Dumber 1994 Farrelly Brothers Jim Carrey Jeff Daniels
61%
Meet the Parents 2000 Jay Roach Ben Stiller Robert De Niro
61%
Ocean's Eleven 2001 Steven Soderbergh George Clooney Julia Roberts
58%
Star Wars 1977 George Lucas Mark Hamill Carrie Fisher
58%
Lost in Translation 2003 Sofia Coppola Scarlett Johansson Bill Murray
56%
No Country for Old Men 2007 Coen Brothers Javier Bardem Josh Brolin
56%
Eternal Sunshine of the Spotless Mind 2004 Michel Gondry Jim Carrey Kate Winslet
55%
Ferris Bueller's Day Off 1986 John Hughes Matthew Broderick Jennifer Grey
54%
Mission: Impossible 1996 Brian de Palma Tom Cruise Jon Voight
54%
Independence Day 1996 Roland Emmerich Jeff Goldblum Will Smith
51%
Scream 1996 Wes Craven Neve Campbell Drew Barrymore
51%
Knives Out 2019 Rian Johnson Daniel Craig Ana de Armas
49%
Man of Steel 2013 Zack Snyder Henry Cavill Amy Adams
49%
School of Rock 2003 Richard Linklater Jack Black Joan Cusack
49%
The Dark Knight 2008 Christopher Nolan Christian Bale Heath Ledger
49%
Titanic 1997 James Cameron Leonardo DiCaprio Kate Winslet
48%
Silver Linings Playbook 2012 David O. Russell Jennifer Lawrence Bradley Cooper
46%
Being John Malkovich 1999 Spike Jonze Cameron Diaz John Malkovich
45%
Gangs of New York 2002 Martin Scorsese Leonardo DiCaprio Cameron Diaz
45%
Shutter Island 2010 Martin Scorsese Leonardo DiCaprio Mark Ruffalo
45%
Zoolander 2001 Ben Stiller Will Ferrell Owen Wilson
45%
Apollo 13 1995 Ron Howard Tom Hanks Kevin Bacon
44%
Her 2013 Spike Jonze Joaquin Phoenix Scarlett Johansson
44%
The Avengers 2012 Joss Whedon Scarlett Johansson Chris Evans
44%
The Lord of the Rings: The Fellowship of the Ring 2001 Peter Jackson Elijah Wood Sean Astin
44%
King Kong 2005 Peter Jackson Naomi Watts Jack Black
42%
The Departed 2006 Martin Scorsese Matt Damon Jack Nicholson
42%
The Hunger Games 2012 Gary Ross Jennifer Lawrence Josh Hutcherson
42%
Charlie and the Chocolate Factory 2005 Tim Burton Johnny Depp Freddie Highmore
41%
Dead Poets Society 1989 Peter Weir Robin Williams Ethan Hawke
41%
Hook 1991 Steven Spielberg Robin Williams Julia Roberts
41%
Arrival 2016 Denis Villeneuve Amy Adams Jeremy Renner
39%
Shrek 2001 Andrew Adamson Mike Myers Cameron Diaz
39%
The Big Lebowski 1998 Coen Brothers Jeff Bridges John Goodman
39%
The Wolf of Wall Street 2013 Martin Scorsese Leonardo DiCaprio Margot Robbie
39%
Boogie Nights 1997 Paul Thomas Anderson Mark Wahlberg Julianne Moore
38%
Fantastic Mr. Fox 2009 Wes Anderson George Clooney Meryl Streep
37%
Mrs. Doubtfire 1993 Chris Columbus Robin Williams Sally Field
37%
Kill Bill: Volume 1 2003 Quentin Tarantino Uma Thurman Lucy Liu
34%
Sweeney Todd: The Demon Barber of Fleet Street 2007 Tim Burton Johnny Depp Helena Bonham Carter
34%
Tenet 2020 Christopher Nolan John David Washington Robert Pattinson
34%
Night at the Museum 2006 Shawn Levy Ben Stiller Owen Wilson
31%
The Greatest Showman 2017 Michael Gracey Hugh Jackman Zac Efron
31%
Wonder Woman 2017 Patty Jenkins Gal Gadot Chris Pine
31%
Matilda 1996 Danny DeVito Mara Wilson Embeth Davidtz
30%
The Grand Budapest Hotel 2014 Wes Anderson Ralph Fiennes Bill Murray
30%
Hugo 2011 Martin Scorsese Asa Butterfield Chloe Grace Moretz
27%
The Fall Guy 2024 David Leitch Ryan Gosling Emily Blunt
27%
Toy Story 1995 John Lasseter Tom Hanks Tim Allen
27%
The Truman Show 1998 Peter Weir Jim Carrey Ed Harris
25%
Napoleon Dynamite 2004 Jared Hess Jon Heder Tina Majorino
24%
The Usual Suspects 1995 Bryan Singer Kevin Spacey Benicio Del Toro
23%
Anchorman: The Legend of Ron Bergundy 2004 Adam McKay Will Ferrell Christina Applegate
21%
The Princess Bride 1987 Rob Reiner Robin Wright Cary Elwes
21%
Big Eyes 2014 Tim Burton Amy Adams Christoph Waltz
20%
Finding Neverland 2004 Marc Forster Johnny Depp Kate Winslet
20%
Tropic Thunder 2008 Ben Stiller Jack Black Robert Downey Jr.
20%
The Irishman 2019 Martin Scorsese Robert De Niro Al Pacino
18%
The Royal Tenenbaums 2001 Wes Anderson Ben Stiller Gwyneth Paltrow
18%
The Martian 2015 Ridley Scott Matt Damon Kristin Wiig
17%
True Grit 2010 Coen Brothers Jeff Bridges Hailee Steinfeld
17%
Looper 2012 Rian Johnson Joseph Gordon-Levitt Emily Blunt
15%
Moonrise Kingdom 2012 Wes Anderson Bruce Willis Frances McDormand
15%
Sicario 2015 Denis Villeneuve Emily Blunt Josh Brolin
15%
The Gray Man 2022 Russo Brothers Ryan Gosling Chris Evans
15%
The Bucket List 2007 Rob Reiner Jack Nicholson Morgan Freeman
14%
The Electric State 2025 Russo Brothers Millie Bobby Brown Chris Pratt
14%
The Prestige 2006 Christopher Nolan Hugh Jackman Scarlett Johansson
14%
The Cable Guy 1996 Ben Stiller Matthew Broderick Jim Carrey
13%
The Darjeeling Limited 2007 Wes Anderson Owen Wilson Jason Schwartzman
13%
Sing 2016 Garth Jennings Matthew McConaughey Scarlett Johansson
8%
The Iron Giant 1999 Brad Bird Vin Diesel Jennifer Aniston
7%
The Life Aquatic with Steve Zissou 2004 Wes Anderson Bill Murray Jeff Goldblum
6%
Talladega Nights: The Ballad of Ricky Bobby 2006 Adam McKay Will Ferrell Amy Adams
4%
The Hitchhiker's Guide to the Galaxy 2005 Garth Jennings Sam Rockwell Zooey Deschanel
0%
No matching quizzes found
Score Distribution
Percent of People with Each Score
Percentile by Number Answered
Your Score History
You have not taken this quiz